000
00236nam a2200097Ia 4500
005
20251222114351.0
008
251222s1900||||xx |||||||||||||| ||spa||
082
_a
DVD0070/M55/1998
245
0
_a
El tren de la vida:Train de Vie
942
_c
DVD
999
_c
1232
_d
1232